00922cam a22002894a 45000010005000000030006000050050017000110080041000280100017000690200018000860400018001040500015001220820008001371000024001452450036001692460015002052500041002202600035002613000025002965050007003215200187003285210019005155210019005346500032005536500021005856500026006065543FISKH20241217114038.0090724s2010 nyu c 000 1 eng  a 2009027035 a9780399252150 aDLCcDLCbeng aPZ7.M76342 a5601 aMontalbano, Andrea.10aBreakaway /cAndrea Montalbano.3 aBreak away aFirst Scholastic printing, May 2011  aNew York :bScholastic,c2010. a202 pages : b20 cm  aR  aWhen seventh-grade soccer star LJ befriends Tabitha, who could not be more different from her, LJ learns to curb her competitive nature, which has been slowly alienating her friends.8 a710 bLexile 8 aR bRaz-Plus  1aTeamwork (Sports)vFiction. 1aSoccervFiction. 1aFamily lifevFiction.